| 000 | 01061cam a2200313 a 4500 | ||
|---|---|---|---|
| 001 | 2566224 | ||
| 003 | OSt | ||
| 005 | 20140310182148.0 | ||
| 008 | 950315s1991 sz a 000 0ceng d | ||
| 010 | _a 95127341 | ||
| 020 | _a2882280017 | ||
| 035 | _a(NIC)notisAMK4589 | ||
| 035 | _a(CStRLIN)NYCXAMK4589-B | ||
| 040 |
_aCL _cCL _dDLC |
||
| 042 | _alccopycat | ||
| 050 | 0 | 0 |
_aT 39 _b.M68 1991 |
| 082 | 0 | 0 |
_aHS 609.2 _bMo86 1991 |
| 100 | 1 |
_aMoussa, Farag. _915632 |
|
| 245 | 1 | 0 |
_aWomen inventors : _bhonored by the World Intellectual Property Organization / _cFarag Moussa. |
| 260 |
_aGeneva : _bF. Moussa, _cc1991. |
||
| 300 |
_a141 p. : _bill. ; _c23 cm. |
||
| 650 | 0 |
_aWomen inventors _xBiography. _915633 |
|
| 650 | 0 |
_aInventions _xAwards. _915634 |
|
| 710 | 2 |
_aWorld Intellectual Property Organization. _915635 |
|
| 906 |
_a7 _bcbc _ccopycat _d3 _encip _f19 _gy-gencatlg |
||
| 942 |
_2lcc _cHS |
||
| 999 |
_c9966 _d9966 |
||